New tools for learning : (Record no. 11070)
[ view plain ]
| 000 -LEADER | |
|---|---|
| fixed length control field | 00633nam a22002052 4500 |
| 001 - CONTROL NUMBER | |
| control field | 0000012063 |
| 005 - DATE AND TIME OF LATEST TRANSACTION | |
| control field | 20151217154414.0 |
| 008 - FIXED-LENGTH DATA ELEMENTS--GENERAL INFORMATION | |
| fixed length control field | 090129s xx 000 0 eng d |
| 020 ## - INTERNATIONAL STANDARD BOOK NUMBER | |
| International Standard Book Number | 1855391317 : |
| 040 ## - CATALOGING SOURCE | |
| Original cataloging agency | KABU |
| Transcribing agency | KABU |
| 100 1# - MAIN ENTRY--PERSONAL NAME | |
| Personal name | Davitt, John. |
| -- | 0000168250 |
| 245 10 - TITLE STATEMENT | |
| Title | New tools for learning : |
| Remainder of title | accelerated learning meets ICT / |
| Statement of responsibility, etc. | John Davitt. |
| 250 ## - EDITION STATEMENT | |
| Edition statement | 1st ed. |
| 260 ## - PUBLICATION, DISTRIBUTION, ETC. (IMPRINT) | |
| Place of publication, distribution, etc. | Stafford, UK. : |
| Name of publisher, distributor, etc. | Network Educational Press, |
| Date of publication, distribution, etc. | 2005. |
| 300 ## - PHYSICAL DESCRIPTION | |
| Extent | 144 p. |
| 650 #0 - SUBJECT ADDED ENTRY--TOPICAL TERM | |
| Topical term or geographic name as entry element | Education |
| General subdivision | Data processing. |
| -- | 0000168251 |
| 852 1# - LOCATION | |
| -- | p3499 KES |
| 908 ## - PUT COMMAND PARAMETER (RLIN) | |
| Put command parameter | 090129 |
| 950 ## - LOCAL HOLDINGS (RLIN) | |
| -- | 1 |
| Withdrawn status | Lost status | Source of classification or shelving scheme | Not for loan | Home library | Current library | Date acquired | Total Checkouts | Full call number | Barcode | Date last seen | Price effective from | Koha item type |
|---|---|---|---|---|---|---|---|---|---|---|---|---|
| Library of Congress Classification | Kabarak, Main Campus | Kabarak, Main Campus | 17/12/2015 | LB1028.5 .D38 2005 c. 1 | 16350 | 17/12/2015 | 17/12/2015 | General Collection |